000 00681nam a2200205Ia 4500
005 20241216011306.0
008 190429s9999||||xx |||||||||||||| ||und||
082 _a669.22
_bA71
100 _aARIAS HUANUCO ALFONZO SEGUNDINO
245 0 _aEVALUACION TECNICO-ECONOMICO DE LA RECUPERACION DE ORO A PARTIR DEL RELAVE DE CIANURACION DE LA MINA CALPA S.A.
250 _a0
260 _aCERRO DE PASCO-PERU
_bUNDAC
_c1993
300 _a165 pag.
_c30 cm.
341 _h0
490 _v0
_a0
505 _aRELAVE/PROCESO/TECNOLOGIA/CIANURACION/REACTIVACION DEL CARBO
541 _aD
_bARIAS HUANUCO, ALFONZO S.
_d07-Mar-03
_oSoles
650 _aIngenieria Metalurgica
942 _cTESIS
999 _c37863
_d37863